Singers Spinning in a Vinyl Record Player - Statistics

General Stats
  • This quiz has been taken 25,457 times
  • The average score is 5 of 8
Answers on the Map
Answers color-coded by a green-red scale on the quiz's map according to % correct below.
 
Answer Stats
Singer % Correct
Michael Jackson
100%
Elvis Presley
96%
John Lennon
71%
David Bowie
69%
Freddie Mercury
64%
Whitney Houston
57%
Aretha Franklin
41%
George Michael
38%
No matching quizzes found
Score Distribution
Percent of People with Each Score
Percentile by Number Answered
Your Score History
You have not taken this quiz